000 00383 a2200169 4500
001 56522
020 _a8516035042
040 _cAnchieta - Pituba
100 _aCosta, Wagner
240 1 0 _aQuando meu pai perdeu o emprego
_lpor
245 1 0 _aQuando meu pai perdeu o emprego
300 _a88
362 0 _a2003
440 1 _aModerna
650 4 _aLiteratura juvenil
942 _cBK
999 _c56522
_d56522